000 00657nam a2200169Ia 4500
005 20250719144651.0
008 250719s9999 xx 000 0 und d
020 _a9780486419527
082 _a939.4
_bMOS
100 _aMarsh, Christopher W.
245 4 _aThe Face of the Ancient Orient
260 _bCourier Corporation
_c2001
300 _a328 pages
500 _aFascinating study examines Sumerians, Babylonians, Egyptians, Hittites, Canaanites, Israelites, Persians, others. "A valuable introduction, perhaps the best available in English." — American Historical Review. 32 halftones. 5 figures. 1 map.
650 _aHistory
942 _cENGLISH
999 _c576621
_d576621